[Event "Turmero IRT"]
[Site "Turmero"]
[Date "2017.08.26"]
[Round "2.1"]
[White "Manaure Medina, Mariangeles"]
[Black "Salas, Paulino"]
[Result "0-1"]
[WhiteElo "1559"]
[BlackElo "2040"]
[PlyCount "118"]
[EventDate "2017.08.26"]
[EventType "swiss"]
[EventRounds "6"]
[EventCountry "VEN"]
[SourceTitle "EXT 2022"]
[Source "ChessBase"]
[SourceDate "2021.10.06"]
[SourceVersion "1"]
[SourceVersionDate "2021.10.06"]
[SourceQuality "1"]

1. e4 c5 2. Nf3 e6 3. c3 Nf6 4. e5 Nd5 5. d4 cxd4 6. cxd4 d6 7. Bb5+ Bd7 8. Bxd7+ Nxd7 9. 0-0 Be7 10. Bd2 0-0 11. Nc3 Nxc3 12. Bxc3 d5 13. Qd2 a5 14. a4 f6 15. exf6 Nxf6 16. Rfe1 Ne4 17. Qd3 Bd6 18. Rxe4 dxe4 19. Qxe4 Rf6 20. Qxb7 Rf4 21. d5 Rf7 22. Qb5 exd5 23. Rd1 Rd7 24. Qxd5+ Kh8 25. g3 Raa7 26. Ng5 Qb8 27. Qf5 Qg8 28. Be5 h6 29. Rxd6 Rxd6 30. Bxd6 hxg5 31. Qxg5 Qe6 32. Qh4+ Kg8 33. Ba3 Rd7 34. Qf4 Rd1+ 35. Kg2 Qd5+ 36. Kh3 Rd4 37. Qf8+ Kh7 38. Qe7 Qf5+ 39. Kg2 Qe4+ 40. Qxe4+ Rxe4 41. Kf3 Rxa4 42. Ke3 Rc4 43. h3 Kg6 44. Kf3 Kf5 45. g4+ Ke5 46. Kg3 a4 47. Bf8 g6 48. Ba3 Ke4 49. h4 Rd4 50. Bf8 Rd3+ 51. Kg2 Kf4 52. g5 Kg4 53. Bg7 Kxh4 54. Bf6 Kg4 55. Kf1 Kf3 56. Ke1 Rd6 57. Bg7 Re6+ 58. Kf1 Re2 59. Bd4 Rd2 0-1

[Event "Turmero IRT"]
[Site "Turmero"]
[Date "2017.08.??"]
[Round "1.1"]
[White "Salas, Paulino"]
[Black "Mora Martinez, Gabriel Gustavo"]
[Result "1-0"]
[WhiteElo "2040"]
[BlackElo "1278"]
[PlyCount "51"]
[EventDate "2017.08.26"]
[EventType "swiss"]
[EventRounds "6"]
[EventCountry "VEN"]
[SourceTitle "EXT 2022"]
[Source "ChessBase"]
[SourceDate "2021.10.06"]
[SourceVersion "1"]
[SourceVersionDate "2021.10.06"]
[SourceQuality "1"]

1. d4 d5 2. c4 c6 3. Nc3 Bf5 4. cxd5 cxd5 5. Qb3 b6 6. Qxd5 Qxd5 7. Nxd5 Na6 8. e3 Be4 9. Bb5+ Kd8 10. f3 Bxd5 11. Bxa6 Bc6 12. e4 b5 13. d5 Be8 14. Be3 e6 15. dxe6 Bb4+ 16. Kf2 fxe6 17. Ne2 e5 18. Rhd1+ Ke7 19. Rd5 Ke6 20. f4 Bd6 21. Rad1 Rd8 22. fxe5 Ne7 23. Rxd6+ Rxd6 24. exd6 Rf8+ 25. Nf4+ Ke5 26. dxe7 1-0